Všeobecný encyklopedický slovník S-Ž

Saved in:
Bibliographic Details
Other Authors: Paulička, Ivan
Format: Book
Language:Slovak
Published: Praha OTTOVO nakladatelství - Cesty 2002
Tags: Add Tag
No Tags, Be the first to tag this record!

MARC

LEADER 00000nam a2200000 4500
001 c143088
005 20221214070146.1
020 |a 80-7181-708-2 
041 0 |a slo 
044 |a CZ 
245 1 0 |a Všeobecný encyklopedický slovník S-Ž  |c [zostavovatelia: Ivan Paulička a kol.] 
264 1 |a Praha  |b OTTOVO nakladatelství - Cesty  |c 2002 
300 |a 1064 s. 
700 1 |a Paulička, Ivan